Central Library OPAC University of Rajshahi

মোহিতলালের কাব্য ও কবিমানস / (Record no. 44468)

MARC details
000 -LEADER
fixed length control field 01079nam a2200241 a 4500
001 - CONTROL NUMBER
control field 44468
003 - CONTROL NUMBER IDENTIFIER
rucl marc code BD-RjUL
005 - DATE AND TIME OF LATEST TRANSACTION
control field 20211209053849.0
008 - FIXED-LENGTH DATA ELEMENTS--GENERAL INFORMATION
fixed length control field 160717s1972 ii ||||| |||| 00| 0 ben d
035 ## - SYSTEM CONTROL NUMBER
System control number (BD-RjUL)44586
040 ## - CATALOGING SOURCE
Original cataloging agency BD-RjUL
Language of cataloging ben
Transcribing agency BD-RjUL
041 ## - LANGUAGE CODE
Language code of text/sound track or separate title ben
082 ## - DEWEY DECIMAL CLASSIFICATION NUMBER
Edition number 23
Classification number 891.44109
Author mark and year MUM 1972
100 ## - MAIN ENTRY--PERSONAL NAME
Personal name মুখোপাধ্যায়, দুর্গাশঙ্কর
9 (RLIN) 118070
245 10 - TITLE STATEMENT
Title মোহিতলালের কাব্য ও কবিমানস /
Statement of responsibility, etc. দুর্গাশঙ্কর মুখোপাধ্যায়
250 ## - EDITION STATEMENT
Edition statement ১ম সং.
260 ## - PUBLICATION, DISTRIBUTION, ETC. (IMPRINT)
Place of publication, distribution, etc. কলকাতা :
Name of publisher, distributor, etc. করুনা প্রকাশনী,
Date of publication, distribution, etc. ১৯৭২ [১৩৭৯]
300 ## - PHYSICAL DESCRIPTION
Pagination xxxi, ৩৯২ পৃ.;
Size ২১ সেমি.
504 ## - BIBLIOGRAPHY, ETC. NOTE
Bibliography, etc Includes bibliographies
600 ## - SUBJECT ADDED ENTRY--PERSONAL NAME
Personal name Majumdar, Mohitlal,
General subdivision Criticism and interpretation
Dates associated with a name 1888-1952
Personal name মজুমদার, মহিতলাল,
General subdivision সমালোচনা ও ব্যাখ্যা
Dates associated with a name ১৮৮৮-১৯৫২
942 ## - ADDED ENTRY ELEMENTS (KOHA)
Source of classification or shelving scheme Dewey Decimal Classification
Koha item type Books
Holdings
Lost status Source of classification or shelving scheme Damaged status Not for loan Collection code Permanent Location Current Location Shelving location Date acquired Source of acquisition Cost, normal purchase price Total Checkouts Full call number Date last seen Date checked out Copy number Koha item type
  Dewey Decimal Classification     Non-fiction Central Library, University of Rajshahi Central Library, University of Rajshahi   22/09/1981 calcutta: Indian International 20.00 3 B 891.44109 MUM 1972 13/09/2017 21/08/2017 C-2 Books